000 003150000a22001450004500
001 005632
003 MACL
040 _aMACL
090 _c17625
_d17624
245 _aAsma ul Husna
_bNazeer Mirza Mohd
260 _aTaj Uddin Tajran Kutub Lahore
350 _a0.75
650 _aUrdu Literature
942 _k891
_cBook
999 _c17514
_d17514